Music Quiz

Random Music or Kpop Quiz
Score 0/67 Timer 20:00
0 Plays Today
% Correct
Chanyeol
93.2%
Jin
86.3%
Chen
84.7%
Vernon
84.2%
Seungri
83.7%
Jungkook
80%
Bambam
78.4%
Bom
77.1%
Onew
76.4%
IU
75.4%
Sunny
73.6%
Eric Nam
70.4%
Junior
69.5%
Suzy
67.4%
Ailee
65.9%
Donghae
65.7%
Sungjae
65.7%
Henry
62.9%
Hyoyeon
60%
Eunji
59.3%
Victoria
54.8%
Nichkhun
54.6%
Sungyeol
54.5%
Hongbin
53.9%
Hyunseung
53.2%
Mingyu
53.1%
Woohyun
52.7%
Jaejoong
52.3%
WooYoung
51.5%
Youngjae
51.3%
Sungjong
50%
Lee Hi
48.4%
Yunho
46.9%
Gongchan
45.4%
% Correct
Ricky
45.1%
Hyungwon
44.7%
Bora
44.3%
K.Will
44.1%
Minhyuk
41.9%
Zelo
41.8%
Youngji
39.6%
Ukwon
37.8%
Mir
36.8%
Aron
36.7%
Jungyeon
34.9%
Chanwoo
34.6%
Kangnam
32.5%
Seulong
31.7%
Hyungsik
31.6%
Sojin
31.2%
Ilhoon
30.6%
Mina
29.4%
Jinwoon
28.8%
Yuju
28.6%
Wheein
27.8%
Narsha
24.6%
Seunghoon
24.1%
Fei
22.5%
Boram
20.6%
Jiyoon
15.7%
Jeongmin
15.3%
Lizzy
15.2%
JooYoung
11.7%
Soyul
11.3%
Ah Young
7.2%
Sumin
5.4%
Myunghan
5%
Come Together.
Have Fun.
All Virtual.
We all need to come together. Play Sporcle's virtual live trivia to have fun, connect with people, and get your trivia on. Join a live hosted trivia game for your favorite pub trivia experience done virtually. If a virtual private party is more your thing, go here for details.

You're not logged in!

Compare scores with friends on all Sporcle quizzes.
OR
Log In

Sporcle TV

Today on Sporcle TV


Watch our educational content, quiz creation guides, and fun videos on Sporcle TV.

Show Comments

Extras

Top Quizzes Today


Score Distribution

Paid Content

Your Account Isn't Verified!

In order to create a playlist on Sporcle, you need to verify the email address you used during registration. Go to your Sporcle Settings to finish the process.

Report this User

Report this user for behavior that violates our Community Guidelines.

Details: